<?xml version="1.0" encoding="UTF-8"?>
<record
    xmlns:xsi="http://www.w3.org/2001/XMLSchema-instance"
    xsi:schemaLocation="http://www.loc.gov/MARC21/slim http://www.loc.gov/standards/marcxml/schema/MARC21slim.xsd"
    xmlns="http://www.loc.gov/MARC21/slim">

  <leader>01135nam a22002537a 4500</leader>
  <controlfield tag="003">OSt</controlfield>
  <controlfield tag="005">20250415141351.0</controlfield>
  <controlfield tag="008">210201s1998    cu ||||gr|||| 00| 0 spa d</controlfield>
  <datafield tag="020" ind1=" " ind2=" ">
    <subfield code="a">9590300847</subfield>
  </datafield>
  <datafield tag="040" ind1=" " ind2=" ">
    <subfield code="a">CO-JMCR</subfield>
    <subfield code="c">CO-JMCR</subfield>
  </datafield>
  <datafield tag="041" ind1="1" ind2=" ">
    <subfield code="a">spa</subfield>
    <subfield code="h">eng</subfield>
  </datafield>
  <datafield tag="082" ind1="0" ind2="4">
    <subfield code="a">A-N</subfield>
    <subfield code="b">HELb</subfield>
    <subfield code="2">23</subfield>
  </datafield>
  <datafield tag="100" ind1="1" ind2=" ">
    <subfield code="a">Heller, Andr&#xE9;, </subfield>
    <subfield code="e">autor</subfield>
    <subfield code="9">12939</subfield>
  </datafield>
  <datafield tag="245" ind1=" " ind2=" ">
    <subfield code="a">Buzo en la sombra : </subfield>
    <subfield code="b">61 episodios en la vida de Ferdinand Alt / </subfield>
    <subfield code="c">Andr&#xE9; Heller ; traducci&#xF3;n de Olga S&#xE1;nchez Guevara </subfield>
  </datafield>
  <datafield tag="260" ind1=" " ind2=" ">
    <subfield code="a">La Habana (Cuba) : </subfield>
    <subfield code="b">Arte y literatura,  </subfield>
    <subfield code="c">1998.</subfield>
  </datafield>
  <datafield tag="300" ind1=" " ind2=" ">
    <subfield code="a">154 p&#xE1;ginas ; </subfield>
    <subfield code="b">18 cm.</subfield>
  </datafield>
  <datafield tag="500" ind1=" " ind2=" ">
    <subfield code="a">Datos biogr&#xE1;ficos del autor en tapa posterior.</subfield>
  </datafield>
  <datafield tag="520" ind1="0" ind2=" ">
    <subfield code="a">Quien olvida lo m&#xED;nimo, indefectiblemente olvida todo.
Sostiene el treinta&#xF1;ero afinador de pianos Ferdinand Alt, y partiendo de su presente se aleja hacia los a&#xF1;os de infancia, para hilvanar un ruego sentimental con su ciudad, Viena, y, m&#xE1;s all&#xE1; una actualizada visi&#xF3;n de Austria.  </subfield>
  </datafield>
  <datafield tag="650" ind1="2" ind2="4">
    <subfield code="a">M&#xFA;sica</subfield>
    <subfield code="x">Novela</subfield>
    <subfield code="9">12940</subfield>
  </datafield>
  <datafield tag="650" ind1="2" ind2="4">
    <subfield code="a">Poes&#xED;a </subfield>
    <subfield code="x">austr&#xED;aca.</subfield>
    <subfield code="9">12941</subfield>
  </datafield>
  <datafield tag="650" ind1="2" ind2="4">
    <subfield code="a">Sinfon&#xED;as</subfield>
    <subfield code="x">Novela</subfield>
    <subfield code="9">12942</subfield>
  </datafield>
  <datafield tag="700" ind1=" " ind2=" ">
    <subfield code="a">S&#xE1;nchez Guevara, Olga, </subfield>
    <subfield code="e">traductora</subfield>
    <subfield code="9">12943</subfield>
  </datafield>
  <datafield tag="942" ind1=" " ind2=" ">
    <subfield code="2">ddc</subfield>
    <subfield code="c">BK</subfield>
  </datafield>
  <datafield tag="999" ind1=" " ind2=" ">
    <subfield code="c">7082</subfield>
    <subfield code="d">7082</subfield>
  </datafield>
  <datafield tag="952" ind1=" " ind2=" ">
    <subfield code="0">0</subfield>
    <subfield code="1">0</subfield>
    <subfield code="2">ddc</subfield>
    <subfield code="4">0</subfield>
    <subfield code="7">0</subfield>
    <subfield code="a">CPL</subfield>
    <subfield code="b">CPL</subfield>
    <subfield code="c">GEN</subfield>
    <subfield code="d">2020-10-02</subfield>
    <subfield code="e">Donaci&#xF3;n</subfield>
    <subfield code="l">0</subfield>
    <subfield code="o">A-N HELb</subfield>
    <subfield code="p">201810135</subfield>
    <subfield code="r">2021-02-01 00:00:00</subfield>
    <subfield code="t">Ej.1</subfield>
    <subfield code="w">2021-02-01</subfield>
    <subfield code="y">BK</subfield>
  </datafield>
</record>
